[Event "Int. Stuttgarter Stadtmeisterschaft B"]
[Site "Ditzingen"]
[Date "2013.05.11"]
[Round "5.22"]
[White "Klemens, Peter"]
[Black "Vasiliadis, Paraskevas"]
[Result "1/2-1/2"]
[WhiteElo "1811"]
[BlackElo "1656"]
[PlyCount "37"]
[EventDate "2013.??.??"]
[WhiteTeam "Karlsruher SF 1853"]
[BlackTeam "SF Oeffingen e.V."]

1. d4 d5 2. Bf4 Nf6 3. e3 e6 4. Bd3 Bd6 5. Bg3 Nc6 6. Nf3 Bxg3 7. hxg3 Qe7 8.
c3 Bd7 9. Nbd2 e5 10. dxe5 Nxe5 11. Nxe5 Qxe5 12. Nf3 Qe7 13. Qc2 g6 14. a3 Ne4
15. Bxe4 Qxe4 16. Qxe4+ dxe4 17. Ng5 h5 18. Nxe4 Bc6 19. f3 1/2-1/2

[Event "Int. Stuttgarter Stadtmeisterschaft B"]
[Site "Ditzingen"]
[Date "2013.05.11"]
[Round "5.23"]
[White "Gheng, Christian"]
[Black "Zimmermann, Tobias"]
[Result "0-1"]
[WhiteElo "1696"]
[BlackElo "1734"]
[PlyCount "56"]
[EventDate "2013.??.??"]
[WhiteTeam "TSV Schönaich"]
[BlackTeam "SC Schachmatt Botnang"]

1. e4 c5 2. Nf3 e6 3. d4 cxd4 4. Nxd4 a6 5. Nc3 Qc7 6. Be3 Nf6 7. Be2 d6 8. O-O
Nbd7 9. f4 b5 10. Bf3 Bb7 11. a3 Rd8 12. Qe2 Be7 13. g4 Nc5 14. Bf2 h6 15. Rad1
d5 16. e5 Nfe4 17. Bxe4 Nxe4 18. Nxe4 dxe4 19. Nb3 Bd5 20. Rfe1 O-O 21. h4 Rc8
22. Rd2 Qd8 23. g5 hxg5 24. hxg5 Bxg5 25. fxg5 Qxg5+ 26. Kf1 Bc4 27. Rd3 exd3
28. Qd2 dxc2+ 0-1

[Event "Int. Stuttgarter Stadtmeisterschaft B"]
[Site "Ditzingen"]
[Date "2013.05.11"]
[Round "5.27"]
[White "Rudhart, Michael"]
[Black "Hartmann, Anatoli"]
[Result "1-0"]
[WhiteElo "1890"]
[BlackElo "1684"]
[PlyCount "79"]
[EventDate "2013.??.??"]
[WhiteTeam "DJK Stuttgart-Süd"]
[BlackTeam "SC Gross-Sachsenheim"]

1. d4 e6 2. c4 c6 3. e4 d5 4. cxd5 cxd5 5. e5 Nc6 6. Nc3 Bd7 7. Nf3 h6 8. a3
Qb6 9. b4 a5 10. b5 Na7 11. Qb3 Nc6 12. Be3 Rc8 13. Na4 Qd8 14. bxc6 Bxc6 15.
Bb5 Ne7 16. Bxc6+ bxc6 17. Rb1 Nf5 18. O-O Be7 19. g4 Nxe3 20. Qxe3 O-O 21. Kh1
Qd7 22. Nb6 Qa7 23. Nxc8 Rxc8 24. Rg1 c5 25. Rbc1 c4 26. g5 g6 27. gxh6 Kh7 28.
Rg4 Rb8 29. Ng5+ Bxg5 30. Qxg5 Rg8 31. h4 Qb7 32. Rcg1 Qb3 33. R1g3 Qb1+ 34.
Kh2 c3 35. Rxc3 a4 36. Rc7 Rf8 37. h5 Qf5 38. hxg6+ Kh8 39. g7+ Kh7 40. Qxf5+
1-0

[Event "Int. Stuttgarter Stadtmeisterschaft B"]
[Site "Ditzingen"]
[Date "2013.05.11"]
[Round "5.28"]
[White "Strauss, Martin"]
[Black "Steinmassl, Guido"]
[Result "1/2-1/2"]
[WhiteElo "1792"]
[BlackElo "1599"]
[PlyCount "118"]
[EventDate "2013.??.??"]
[WhiteTeam "SC Sillenbuch"]
[BlackTeam "SK e4 Gerlingen"]

1. e4 e6 2. d4 d5 3. Nd2 Nd7 4. Ngf3 dxe4 5. Nxe4 Ngf6 6. Bg5 Be7 7. Bxf6 Nxf6
8. Nxf6+ Bxf6 9. c3 Qd5 10. Qa4+ Bd7 11. Qc4 Qe4+ 12. Qe2 Bc6 13. Qxe4 Bxe4 14.
Be2 O-O 15. O-O Rad8 16. Rfd1 Rd6 17. Nd2 Bc2 18. Rdc1 Bg6 19. Nc4 Bg5 20. Re1
b6 21. Nxd6 cxd6 22. g3 a5 23. f4 Be7 24. Bc4 Rc8 25. Bb3 Bf5 26. d5 Rd8 27.
dxe6 d5 28. exf7+ Kxf7 29. Re5 Bc5+ 30. Kg2 Kf6 31. Rd1 d4 32. cxd4 Bxd4 33.
Rxf5+ Kxf5 34. Bc2+ Ke6 35. Bxh7 Kd5 36. b3 b5 37. Bd3 Rc8 38. Rd2 b4 39. Bc4+
Rxc4 40. bxc4+ Kxc4 41. Kf3 a4 42. f5 Kc3 43. Rg2 b3 44. axb3 axb3 45. g4 Kd3
46. g5 Bc3 47. Re2 Bd2 48. f6 gxf6 49. g6 b2 50. g7 b1=Q 51. Rxd2+ Kxd2 52.
g8=Q Qh1+ 53. Qg2+ Qxg2+ 54. Kxg2 Ke2 55. Kg3 Ke3 56. Kg4 Ke4 57. h4 f5+ 58.
Kg3 f4+ 59. Kf2 f3 1/2-1/2

[Event "Int. Stuttgarter Stadtmeisterschaft B"]
[Site "Ditzingen"]
[Date "2013.05.11"]
[Round "5.31"]
[White "Tönjes, Jürgen"]
[Black "Zaytsev, Evgeny"]
[Result "1-0"]
[WhiteElo "1689"]
[BlackElo "1733"]
[PlyCount "61"]
[EventDate "2013.??.??"]
[WhiteTeam "SF Lilienthal von 1971"]
[BlackTeam "Stuttgarter SF 1879"]

1. d4 Nf6 2. c4 g6 3. Nc3 Bg7 4. Nf3 O-O 5. e4 d6 6. h3 e5 7. d5 Nbd7 8. Bd3 a6
9. Qc2 Nc5 10. Be2 Nh5 11. b4 Nd7 12. a3 a5 13. Rb1 axb4 14. axb4 b6 15. g3 Bf6
16. Bh6 Re8 17. Be3 Nf8 18. Nd2 Ng7 19. Nf3 h5 20. Qc1 Nh7 21. h4 Bg4 22. Ng5
Qc8 23. f3 Bd7 24. Nxh7 Kxh7 25. Kf2 Qa6 26. c5 Qa3 27. c6 Bc8 28. Qxa3 Rxa3
29. Nb5 Ra2 30. Nxc7 Ba6 31. Nxa6 1-0

[Event "Int. Stuttgarter Stadtmeisterschaft B"]
[Site "Ditzingen"]
[Date "2013.05.11"]
[Round "5.32"]
[White "Matic, Marijo"]
[Black "Degenhard, Simon"]
[Result "0-1"]
[WhiteElo "1565"]
[BlackElo "1711"]
[PlyCount "38"]
[EventDate "2013.??.??"]
[WhiteTeam "Stuttgarter SF 1879"]
[BlackTeam "SF HN-Biberach 1978 e.V."]

1. e4 c5 2. Nf3 a6 3. d4 cxd4 4. Nxd4 Nf6 5. Nc3 e5 6. Nf3 Bb4 7. Bd3 d5 8. Nd2
Bxc3 9. bxc3 Be6 10. O-O O-O 11. Qe1 Nc6 12. Nf3 dxe4 13. Bxe4 Bc4 14. Bd3 Bxd3
15. cxd3 Qxd3 16. Nxe5 Nxe5 17. Qxe5 Rfe8 18. Qd4 Rad8 19. Qb4 Qxf1+ 0-1

[Event "Int. Stuttgarter Stadtmeisterschaft B"]
[Site "Ditzingen"]
[Date "2013.05.11"]
[Round "5.34"]
[White "Lehnhardt, Julian"]
[Black "Mejerski, Stephan"]
[Result "1/2-1/2"]
[WhiteElo "1425"]
[BlackElo "1664"]
[PlyCount "33"]
[EventDate "2013.??.??"]
[WhiteTeam "SV Weil der Stadt"]
[BlackTeam "SK Schmiden/Cannstatt"]

1. e4 c5 2. Nc3 a6 3. Bc4 Nc6 4. Nf3 e6 5. a4 g6 6. d4 cxd4 7. Nxd4 Bg7 8. Be3
Nge7 9. Qd2 O-O 10. h4 d5 11. Nxc6 bxc6 12. Bc5 Re8 13. O-O-O Qa5 14. b4 Qc7
15. Bb3 a5 16. exd5 Nxd5 17. Nxd5 1/2-1/2

[Event "Int. Stuttgarter Stadtmeisterschaft B"]
[Site "Ditzingen"]
[Date "2013.05.11"]
[Round "5.35"]
[White "Weisensel, Wolfgang"]
[Black "Gottwald, Helmut"]
[Result "0-1"]
[WhiteElo "1685"]
[BlackElo "1582"]
[PlyCount "90"]
[EventDate "2013.??.??"]
[WhiteTeam "Stuttgarter SF 1879"]
[BlackTeam "SV Dicker Turm Esslingen"]

1. d4 Nf6 2. Nf3 e6 3. c4 Bb4+ 4. Bd2 Bxd2+ 5. Qxd2 b6 6. Nc3 Bb7 7. e3 O-O 8.
Be2 Na6 9. a3 c5 10. O-O d5 11. cxd5 Nxd5 12. Nxd5 Qxd5 13. dxc5 Qxd2 14. Nxd2
Nxc5 15. Bf3 Rad8 16. Rad1 Ba6 17. Rfe1 Nd3 18. Be2 Nxe1 19. Bxa6 Nd3 20. Bxd3
Rxd3 21. Kf1 Rfd8 22. Ke2 Kf8 23. f3 Ke7 24. e4 e5 25. Ke1 h5 26. Ke2 Ke6 27.
Ke1 g6 28. Ke2 f5 29. Ke1 g5 30. Ke2 g4 31. exf5+ Kxf5 32. Nf1 gxf3+ 33. gxf3
Rxd1 34. Ne3+ Kf4 35. Nxd1 Rxd1 36. Kxd1 Kxf3 37. Ke1 Kg2 38. h4 Kg3 39. Ke2
Kxh4 40. Kf3 Kg5 41. Ke3 Kg4 42. Kf2 h4 43. Kg2 e4 44. a4 e3 45. b4 h3+ 0-1

[Event "Int. Stuttgarter Stadtmeisterschaft B"]
[Site "Ditzingen"]
[Date "2013.05.11"]
[Round "5.36"]
[White "Petitto, Francesco"]
[Black "Schreiber, Winfried"]
[Result "0-1"]
[WhiteElo "1663"]
[BlackElo "1573"]
[PlyCount "60"]
[EventDate "2013.??.??"]
[WhiteTeam "SK Sontheim/Brenz e.V."]

1. d4 Nf6 2. Nf3 g6 3. e3 Bg7 4. Bd3 O-O 5. O-O d5 6. Nbd2 Bg4 7. Re1 Nbd7 8.
h3 Bxf3 9. Qxf3 c6 10. e4 dxe4 11. Nxe4 Nxe4 12. Qxe4 e6 13. c3 h6 14. Bd2 Re8
15. g4 Qc7 16. f4 c5 17. d5 Nf6 18. Qg2 Nxd5 19. f5 Nf4 20. Bxf4 Qxf4 21. Re4
Qc7 22. fxg6 fxg6 23. Rae1 e5 24. R4e2 Qd6 25. Rd2 Qb6 26. Qd5+ Kh8 27. Qf7 c4+
28. Kh2 cxd3 29. Rxd3 Rf8 30. Qe7 Qf2+ 0-1

[Event "Int. Stuttgarter Stadtmeisterschaft B"]
[Site "Ditzingen"]
[Date "2013.05.11"]
[Round "5.37"]
[White "Dallinger, Moritz"]
[Black "Pillath, Marcus"]
[Result "1-0"]
[WhiteElo "1528"]
[BlackElo "1654"]
[PlyCount "171"]
[EventDate "2013.??.??"]
[WhiteTeam "SV Stuttgart-Wolfbusch 1956 e.V."]
[BlackTeam "SGem Vaihingen-Rohr"]

1. e4 c6 2. d4 d5 3. Nc3 dxe4 4. Nxe4 Bf5 5. Ng3 Bg6 6. Nf3 Nf6 7. c3 h6 8. Bd3
Bxd3 9. Qxd3 e6 10. Bf4 Bd6 11. Be5 Bxe5 12. Nxe5 Nbd7 13. f4 O-O 14. O-O-O
Nxe5 15. dxe5 Qxd3 16. Rxd3 Nd5 17. Rf1 Nb6 18. b3 Rad8 19. Rfd1 Rxd3 20. Rxd3
Re8 21. Ne4 a6 22. g3 Rb8 23. c4 Kf8 24. Kc2 Ke7 25. Nd6 Nc8 26. Kc3 Nxd6 27.
Rxd6 f6 28. Kd4 Rc8 29. Kc5 fxe5 30. fxe5 Rf8 31. Kb6 Rf5 32. Kc7 Rxe5 33. Rd7+
Kf6 34. Rd2 b5 35. Kxc6 bxc4 36. bxc4 Re1 37. c5 e5 38. Kd5 e4 39. Kd4 Rc1 40.
Kxe4 Rxc5 41. Rd6+ Kf7 42. Rxa6 Rc2 43. h4 Rg2 44. Kf3 Rb2 45. a3 Ra2 46. Kf4
Rf2+ 47. Kg4 Ra2 48. Kf3 Rb2 49. g4 Rb3+ 50. Kf4 Rb1 51. g5 Rf1+ 52. Ke3 hxg5
53. hxg5 Rg1 54. g6+ Ke7 55. a4 Ra1 56. Ke4 Kd7 57. Ra7+ Ke6 58. Ra6+ Ke7 59.
Ke5 Re1+ 60. Kd4 Ra1 61. Kc3 Rc1+ 62. Kb2 Rc5 63. Kb3 Rc1 64. a5 Ra1 65. Kb4
Rb1+ 66. Kc5 Ra1 67. Ra7+ Kf6 68. Ra6+ Ke7 69. Kb6 Rb1+ 70. Kc7 Rc1+ 71. Rc6
Ra1 72. a6 Ra3 73. Kb7 Kd7 74. Rc7+ Kd6 75. Rxg7 Rb3+ 76. Ka8 Ke5 77. Rb7 Ra3
78. Ka7 Kf6 79. g7 Rg3 80. Kb6 Rb3+ 81. Ka5 Ra3+ 82. Kb5 Rb3+ 83. Ka4 Rg3 84.
a7 Rg4+ 85. Rb4 Rxg7 86. a8=Q 1-0

[Event "Int. Stuttgarter Stadtmeisterschaft B"]
[Site "Ditzingen"]
[Date "2013.05.11"]
[Round "5.38"]
[White "Mihalache, Victor"]
[Black "Gheng, Dominik"]
[Result "1/2-1/2"]
[WhiteElo "1334"]
[BlackElo "1635"]
[PlyCount "44"]
[EventDate "2013.??.??"]
[WhiteTeam "SF 59 Kornwestheim"]
[BlackTeam "TSV Schönaich"]

1. e4 c5 2. Nf3 d6 3. c3 Nf6 4. d3 g6 5. Be2 Bg7 6. Be3 O-O 7. Nbd2 Nc6 8. d4
cxd4 9. cxd4 Ng4 10. O-O Qb6 11. Nc4 Qc7 12. h3 Nxe3 13. Nxe3 Bd7 14. Rc1 Rac8
15. d5 Bxb2 16. Rc2 Bg7 17. dxc6 Bxc6 18. Nd5 Qd7 19. Qd2 e6 20. Nc3 Bxc3 21.
Rxc3 Bxe4 22. Rxc8 Rxc8 1/2-1/2

[Event "Int. Stuttgarter Stadtmeisterschaft B"]
[Site "Ditzingen"]
[Date "2013.05.11"]
[Round "5.39"]
[White "Grözinger, Werner"]
[Black "Zeldin, Boris"]
[Result "0-1"]
[WhiteElo "1298"]
[BlackElo "1633"]
[PlyCount "70"]
[EventDate "2013.??.??"]
[WhiteTeam "SV Stuttgart-Wolfbusch 1956 e.V."]
[BlackTeam "SV Rottweil"]

1. c4 e5 2. e3 Nf6 3. d3 Nc6 4. a3 d6 5. g3 Be6 6. Bg2 d5 7. cxd5 Bxd5 8. e4
Be6 9. Nf3 Bc5 10. O-O Bg4 11. h3 Bh5 12. Qc2 Bd4 13. Bg5 Bxf3 14. Bxf3 h6 15.
Bd2 Qd7 16. Kg2 O-O 17. Bc3 Nh7 18. Bg4 Qe7 19. Qb3 Rab8 20. Bf5 Qd6 21. Nd2
Bxc3 22. Qxc3 Rbd8 23. Nc4 Qxd3 24. Qxd3 Rxd3 25. b4 a6 26. Ne3 h5 27. h4 g6
28. Bh3 Nf6 29. Kf3 Nd4+ 30. Kg2 Nxe4 31. Nd5 Nc2 32. Ne7+ Kg7 33. Rac1 Rd2 34.
Kf3 f5 35. Rfd1 Rfd8 0-1

[Event "Int. Stuttgarter Stadtmeisterschaft B"]
[Site "Ditzingen"]
[Date "2013.05.11"]
[Round "5.41"]
[White "Fürderer, Carl"]
[Black "Nagel, Armin"]
[Result "1-0"]
[WhiteElo "1586"]
[BlackElo "1600"]
[PlyCount "59"]
[EventDate "2013.??.??"]
[WhiteTeam "SC Weisse Dame Ulm e.V."]
[BlackTeam "SC BW Kirchentellinsfurt"]

1. e4 d5 2. exd5 Nf6 3. Bc4 Nxd5 4. Qf3 e6 5. Nc3 Nxc3 6. Qxc3 Nc6 7. Nf3 Qf6
8. Qxf6 gxf6 9. d4 b6 10. Bd2 Rg8 11. Rg1 Bb7 12. O-O-O O-O-O 13. c3 Bd6 14. g3
Ne7 15. Nh4 Nd5 16. Ng2 e5 17. Ne3 c6 18. Nxd5 cxd5 19. Bb5 e4 20. Rgf1 f5 21.
f3 a6 22. Ba4 b5 23. Bc2 Rgf8 24. Bh6 Rfe8 25. fxe4 fxe4 26. Rxf7 Rh8 27. Rdf1
Rde8 28. Bd1 Re7 29. Rf8+ Rxf8 30. Bxf8 1-0

[Event "Int. Stuttgarter Stadtmeisterschaft B"]
[Site "Ditzingen"]
[Date "2013.05.11"]
[Round "6.1"]
[White "Paschmann, Stefan"]
[Black "Streicher, Traugott"]
[Result "1-0"]
[WhiteElo "1886"]
[BlackElo "1865"]
[PlyCount "55"]
[EventDate "2013.??.??"]
[WhiteTeam "Krefelder Schachklub Turm 1851 e"]
[BlackTeam "TSG Steinheim"]

1. e4 d6 2. d4 Nf6 3. Nc3 g6 4. Be3 Bg7 5. Qd2 O-O 6. Nf3 c6 7. Bd3 d5 8. e5
Nfd7 9. h4 c5 10. h5 cxd4 11. Nxd4 Nxe5 12. hxg6 Nxd3+ 13. cxd3 e5 14. Bh6 exd4
15. gxh7+ Kh8 16. Bxg7+ Kxg7 17. Qh6+ Kh8 18. Nxd5 Re8+ 19. Kf1 Nc6 20. Nc7 Re6
21. Nxe6 Bxe6 22. Re1 a5 23. Rh5 Qf8 24. Qf4 Qe7 25. Rg5 Rd8 26. Qg3 Qf6 27.
Qh4 Qe7 28. Qh6 1-0

[Event "Int. Stuttgarter Stadtmeisterschaft B"]
[Site "Ditzingen"]
[Date "2013.05.11"]
[Round "6.2"]
[White "Viehoff, Jürgen"]
[Black "Kleih, Julian"]
[Result "1/2-1/2"]
[WhiteElo "1848"]
[BlackElo "1713"]
[PlyCount "89"]
[EventDate "2013.??.??"]
[WhiteTeam "SC Stetten a.d.F."]
[BlackTeam "SV Dettingen Erms"]

1. d4 Nf6 2. Nf3 e6 3. Bg5 c5 4. c3 b6 5. e4 h6 6. Bxf6 Qxf6 7. Nbd2 Bb7 8. Bd3
Nc6 9. Qe2 cxd4 10. e5 Qd8 11. cxd4 Be7 12. a3 d6 13. Rc1 Rc8 14. O-O Bg5 15.
Nxg5 hxg5 16. Ne4 Nxd4 17. Nxd6+ Qxd6 18. Rxc8+ Bxc8 19. exd6 Nxe2+ 20. Bxe2
Kd7 21. f4 gxf4 22. Rxf4 f5 23. Ra4 a5 24. b4 Kxd6 25. bxa5 bxa5 26. Rxa5 Bd7
27. a4 Rc8 28. Kf2 Rc2 29. Ke3 Ra2 30. Ra6+ Ke5 31. Ra7 Bxa4 32. Ra5+ Kf6 33.
Bc4 Rxg2 34. Rxa4 Rxh2 35. Ra6 Rh3+ 36. Kf2 Kg5 37. Bxe6 Rh6 38. Kg3 f4+ 39.
Kf3 Rf6 40. Ra5+ Kh6 41. Bg4 g5 42. Ke4 Rf8 43. Ke5 f3 44. Ra6+ Kg7 45. Ra7+
1/2-1/2

[Event "Int. Stuttgarter Stadtmeisterschaft B"]
[Site "Ditzingen"]
[Date "2013.05.11"]
[Round "6.3"]
[White "Rühl, Volker"]
[Black "Winkler, Tim"]
[Result "1/2-1/2"]
[WhiteElo "1817"]
[BlackElo "1816"]
[PlyCount "126"]
[EventDate "2013.??.??"]
[WhiteTeam "VfL Sindelfingen"]
[BlackTeam "SF Deizisau"]

1. e4 e5 2. Nf3 Nc6 3. d4 exd4 4. Nxd4 Bc5 5. Be3 Nxd4 6. Bxd4 Bxd4 7. Qxd4 Qf6
8. c3 Qxd4 9. cxd4 d5 10. e5 Ne7 11. Nc3 Be6 12. Bd3 a6 13. Rd1 O-O 14. O-O
Rac8 15. b4 Nc6 16. a3 Nxd4 17. Bxh7+ Kxh7 18. Rxd4 c5 19. Rh4+ Kg8 20. Na4
cxb4 21. Nb6 Rc6 22. Rxb4 d4 23. Rd1 a5 24. Rb2 d3 25. h3 Rc2 26. Na4 Bd7 27.
Rxd3 Bxa4 28. Rxb7 Re8 29. Re3 Rc1+ 30. Kh2 Rc5 31. f4 f6 32. Rg3 Bc2 33. exf6
Rf8 34. fxg7 Rfc8 35. Re3 Rc3 36. Ree7 Rxa3 37. Ra7 a4 38. Re6 Rac3 39. Rh6
R3c7 40. Rh8+ Kxg7 41. Rxc8 Rxa7 42. Rxc2 Rb7 43. Ra2 Rb4 44. g3 Kf6 45. h4 Kf5
46. Kh3 Rc4 47. Ra1 Rb4 48. h5 Rc4 49. Kh4 Rb4 50. Rf1 a3 51. g4+ Kf6 52. f5 a2
53. Ra1 Rb2 54. h6 Rf2 55. Kg3 Rb2 56. Kf4 Rf2+ 57. Ke4 Re2+ 58. Kd3 Rh2 59.
Kc3 Kg5 60. h7 Rxh7 61. Rxa2 Kxg4 62. Rf2 Rf7 63. Kd4 Rxf5 1/2-1/2

[Event "Int. Stuttgarter Stadtmeisterschaft B"]
[Site "Ditzingen"]
[Date "2013.05.11"]
[Round "6.4"]
[White "Luft, Jakob"]
[Black "Rieder, Josef"]
[Result "1-0"]
[WhiteElo "1874"]
[BlackElo "1818"]
[PlyCount "49"]
[EventDate "2013.??.??"]
[WhiteTeam "SF Oeffingen e.V."]
[BlackTeam "Stuttgarter SF 1879"]

1. e4 e5 2. Nf3 Nc6 3. Bb5 Nf6 4. O-O d6 5. d4 exd4 6. e5 dxe5 7. Nxe5 Bd7 8.
Re1 Nxe5 9. Rxe5+ Be7 10. Bxd7+ Nxd7 11. Re4 O-O 12. Rxd4 Bd6 13. Nc3 Re8 14.
Be3 Ne5 15. Nb5 Re6 16. Nxd6 Rxd6 17. Rxd6 cxd6 18. Qd5 Qc7 19. Rc1 a6 20. c4
Qc6 21. Qxc6 bxc6 22. b3 Kf8 23. Rd1 Ke7 24. Bb6 Rb8 25. Bc7 1-0

[Event "Int. Stuttgarter Stadtmeisterschaft B"]
[Site "Ditzingen"]
[Date "2013.05.11"]
[Round "6.5"]
[White "Baumeister, Jürgen"]
[Black "Graf, Maximilian"]
[Result "0-1"]
[WhiteElo "1849"]
[BlackElo "1731"]
[PlyCount "36"]
[EventDate "2013.??.??"]
[WhiteTeam "SC Asperg"]
[BlackTeam "SK e4 Gerlingen"]

1. Nf3 d5 2. d4 e6 3. c4 c5 4. cxd5 exd5 5. Nc3 Nc6 6. Bf4 Nf6 7. e3 Bg4 8. h3
Bxf3 9. gxf3 cxd4 10. exd4 Rc8 11. Rg1 g6 12. Qa4 Qe7+ 13. Be5 Bg7 14. Kd2 O-O
15. Bxf6 Qxf6 16. Nxd5 Qxf3 17. Qb3 Qxf2+ 18. Be2 Bh6+ 0-1

[Event "Int. Stuttgarter Stadtmeisterschaft B"]
[Site "Ditzingen"]
[Date "2013.05.11"]
[Round "6.6"]
[White "Bälz, Jürgen"]
[Black "Bischof, Jan"]
[Result "1-0"]
[WhiteElo "1833"]
[BlackElo "1574"]
[PlyCount "61"]
[EventDate "2013.??.??"]
[WhiteTeam "TSV Willsbach"]
[BlackTeam "SGem Vaihingen-Rohr"]

1. d4 f5 2. Nf3 Nf6 3. g3 g6 4. Bg2 Bg7 5. O-O O-O 6. c4 d6 7. b3 c6 8. Bb2 e5
9. dxe5 Ng4 10. Qc2 Nxe5 11. Nbd2 Na6 12. Rad1 f4 13. Nd4 fxg3 14. hxg3 Ng4 15.
Qb1 Nc5 16. Nc2 Bd7 17. b4 Ne6 18. Ne4 Be5 19. Nxd6 Nxf2 20. Rxf2 Rxf2 21. Kxf2
Qf6+ 22. Kg1 Bxb2 23. Ne4 Qg7 24. Rxd7 Qxd7 25. Qxb2 Qd1+ 26. Kh2 Qxe2 27. Qe5
Qxc4 28. Ne3 Qxa2 29. Ng4 Rd8 30. Nh6+ Kf8 31. Qf6+ 1-0

[Event "Int. Stuttgarter Stadtmeisterschaft B"]
[Site "Ditzingen"]
[Date "2013.05.11"]
[Round "6.7"]
[White "Gorb, Eugeniusz"]
[Black "Pudmensky, Stefan"]
[Result "0-1"]
[WhiteElo "1630"]
[BlackElo "1829"]
[PlyCount "50"]
[EventDate "2013.??.??"]
[WhiteTeam "SC Gross-Sachsenheim"]
[BlackTeam "SF Oeffingen e.V."]

1. e4 c5 2. Nf3 d6 3. Bc4 Nf6 4. Nc3 e6 5. O-O Be7 6. Re1 a6 7. e5 dxe5 8. Rxe5
b5 9. Bf1 Bb7 10. d3 h6 11. Re1 Bd6 12. Ne4 Nxe4 13. dxe4 Bxe4 14. g3 Bb7 15.
Bg2 O-O 16. Nh4 Bxg2 17. Nxg2 Nc6 18. Re4 Be5 19. Be3 Bxb2 20. Qh5 Bxa1 21.
Bxh6 Qd5 22. Qf3 f5 23. Nf4 fxe4 24. Qg4 Qf5 25. Qh4 Bf6 0-1

[Event "Int. Stuttgarter Stadtmeisterschaft B"]
[Site "Ditzingen"]
[Date "2013.05.11"]
[Round "6.8"]
[White "Reichardt, Bernd"]
[Black "Ziegler, Michael"]
[Result "1-0"]
[WhiteElo "1814"]
[BlackElo "1658"]
[PlyCount "69"]
[EventDate "2013.??.??"]
[WhiteTeam "SF Markgräflerland e."]
[BlackTeam "SF 59 Kornwestheim"]

1. Nf3 Nf6 2. c4 d6 3. d4 g6 4. Nc3 Bg7 5. e3 O-O 6. Bd3 d5 7. cxd5 Nxd5 8. Qb3
c6 9. Bc4 e6 10. e4 Nb6 11. Bg5 Qc7 12. O-O Nxc4 13. Qxc4 f6 14. Be3 Qf7 15.
Rad1 Re8 16. Rfe1 b6 17. b4 b5 18. Qb3 Bf8 19. a3 a5 20. Ra1 axb4 21. axb4 Rxa1
22. Rxa1 Na6 23. Na2 Bb7 24. Ne1 Rd8 25. Nd3 Qd7 26. Nc5 Nxc5 27. bxc5 Ra8 28.
Rc1 Bc8 29. Nb4 Qe8 30. h3 Kg7 31. d5 exd5 32. exd5 Qf7 33. Nxc6 Bd7 34. Nd4
Rc8 35. c6 1-0

[Event "Int. Stuttgarter Stadtmeisterschaft B"]
[Site "Ditzingen"]
[Date "2013.05.11"]
[Round "6.9"]
[White "Piskaykin, Bogdan"]
[Black "Hahn, Martin"]
[Result "1/2-1/2"]
[WhiteElo "1586"]
[BlackElo "1763"]
[PlyCount "50"]
[EventDate "2013.??.??"]
[WhiteTeam "SV Friedrichshafen"]
[BlackTeam "SF Oeffingen e.V."]

1. e4 e6 2. d4 d5 3. Nc3 h6 4. Be3 Bb4 5. Nge2 dxe4 6. a3 Bxc3+ 7. Nxc3 Nf6 8.
f3 exf3 9. Qxf3 Nbd7 10. O-O-O Nb6 11. Qg3 Kf8 12. Qh4 Nbd5 13. Nxd5 Qxd5 14.
Kb1 Qe4 15. Bf4 Bd7 16. Bd3 Qc6 17. Be5 Nd5 18. Rdf1 Kg8 19. Qg3 f6 20. Bxf6
Nxf6 21. Rxf6 Qd6 22. Qg4 Rf8 23. Rhf1 Rxf6 24. Rxf6 h5 25. Qg5 Qe7 1/2-1/2

[Event "Int. Stuttgarter Stadtmeisterschaft B"]
[Site "Ditzingen"]
[Date "2013.05.11"]
[Round "6.10"]
[White "Spielberger, Horst"]
[Black "Notz, Lukas"]
[Result "1/2-1/2"]
[WhiteElo "1893"]
[BlackElo "1757"]
[PlyCount "125"]
[EventDate "2013.??.??"]
[WhiteTeam "SC Ismaning"]
[BlackTeam "SV Dettingen Erms"]

1. Nc3 c6 2. e4 d5 3. d4 dxe4 4. Nxe4 Bf5 5. Ng3 Bg6 6. c3 e6 7. Nf3 Nd7 8. h4
h6 9. h5 Bh7 10. Bf4 Ngf6 11. Qb3 Qb6 12. Ne5 Nxe5 13. Bxe5 Nd7 14. Bf4 Be7 15.
Be3 Qc7 16. Qd1 Nf6 17. Bd3 Bxd3 18. Qxd3 O-O-O 19. Qe2 Bd6 20. Rh3 Rhe8 21.
O-O-O Nd5 22. Ne4 Nf4 23. Nxd6+ Qxd6 24. Bxf4 Qxf4+ 25. Qe3 Qxe3+ 26. fxe3 Rd5
27. Rf1 f6 28. Rg3 Re7 29. Rh1 Rf5 30. Kc2 e5 31. b4 exd4 32. exd4 Rf2+ 33. Kb3
b5 34. Rb1 Kd7 35. a4 a6 36. axb5 axb5 37. Rb2 Rf5 38. Rh3 Rg5 39. Ra2 Kd6 40.
Rd2 Re4 41. g3 Re3 42. Rg2 f5 43. Rf2 Ke6 44. Ra2 Rgxg3 45. Rxg3 Rxg3 46. Ra6
Kd6 47. Ra7 Rg5 48. Kc2 g6 49. hxg6 Rxg6 50. Rh7 Rf6 51. Kd2 f4 52. Ke2 Kd5 53.
Ra7 Kc4 54. Ra3 f3+ 55. Kf2 h5 56. Ra6 Kxc3 57. d5 Kxb4 58. Rxc6 Rf5 59. d6 Rd5
60. Kxf3 h4 61. Ke4 Rd1 62. Ke5 h3 63. Rc2 1/2-1/2

[Event "Int. Stuttgarter Stadtmeisterschaft B"]
[Site "Ditzingen"]
[Date "2013.05.11"]
[Round "6.11"]
[White "Schmitz, Harald"]
[Black "Wiessner, Johann"]
[Result "1/2-1/2"]
[WhiteElo "1717"]
[BlackElo "1861"]
[PlyCount "33"]
[EventDate "2013.??.??"]
[WhiteTeam "SG Fasanenhof"]
[BlackTeam "SC Lechhausen"]

1. e4 c5 2. c3 d6 3. d4 cxd4 4. cxd4 Nf6 5. Nc3 e6 6. Nf3 a6 7. Bd3 Be7 8. Be3
O-O 9. O-O b5 10. a3 Bb7 11. Rc1 Nbd7 12. h3 Rc8 13. Qd2 Qa5 14. Nd5 Qd8 15.
Rxc8 Bxc8 16. Nxe7+ Qxe7 17. Qb4 1/2-1/2

[Event "Int. Stuttgarter Stadtmeisterschaft B"]
[Site "Ditzingen"]
[Date "2013.05.11"]
[Round "6.12"]
[White "Häfele, Torsten"]
[Black "Hamm, Julian"]
[Result "0-1"]
[WhiteElo "1855"]
[BlackElo "1750"]
[PlyCount "50"]
[EventDate "2013.??.??"]
[WhiteTeam "SVG Vaihingen/Enz"]
[BlackTeam "Mönchfelder SV 1967"]

1. e4 e5 2. Bc4 Nc6 3. c3 Nf6 4. d3 Be7 5. Nf3 h6 6. Bb3 d6 7. Nbd2 O-O 8. Nf1
Kh8 9. Ne3 Be6 10. Nd5 Na5 11. c4 Nxb3 12. Qxb3 Nxd5 13. cxd5 Bc8 14. Be3 f5
15. h3 f4 16. Bd2 c5 17. Ke2 b6 18. Rag1 Qe8 19. g4 fxg3 20. fxg3 b5 21. Be3 a5
22. Qc2 Bd7 23. Qd2 Qg6 24. Qe1 c4 25. g4 cxd3+ 0-1

[Event "Int. Stuttgarter Stadtmeisterschaft B"]
[Site "Ditzingen"]
[Date "2013.05.11"]
[Round "6.13"]
[White "Handel, Oliver"]
[Black "Muench, Werner"]
[Result "1/2-1/2"]
[WhiteElo "1705"]
[BlackElo "1841"]
[PlyCount "82"]
[EventDate "2013.??.??"]
[WhiteTeam "SF 59 Kornwestheim"]
[BlackTeam "SC Widdern"]

1. e4 c5 2. Nf3 Nc6 3. d4 cxd4 4. Nxd4 Nf6 5. Nc3 e6 6. a3 a6 7. Be2 Be7 8. Be3
d6 9. O-O Bd7 10. f4 h5 11. f5 Ne5 12. h3 Rc8 13. Bd3 Nc4 14. Bxc4 Rxc4 15. Qd3
Rc8 16. fxe6 fxe6 17. e5 dxe5 18. Qg6+ Kf8 19. Nf3 Be8 20. Qg3 Kg8 21. Qxe5 Qd6
22. Rad1 Qxe5 23. Nxe5 Bxa3 24. bxa3 Rxc3 25. Bg5 Nd5 26. Rf3 Rxf3 27. Nxf3 b5
28. Re1 Bf7 29. Ne5 g6 30. c4 bxc4 31. Nxc4 Kg7 32. Rb1 Rc8 33. Nd6 Rc7 34. Rb8
Nf6 35. Ra8 Nd7 36. Rxa6 Nc5 37. Ra8 e5 38. a4 Rd7 39. Ne8+ Bxe8 40. Rxe8 Nxa4
41. Rxe5 Nc3 1/2-1/2

[Event "Int. Stuttgarter Stadtmeisterschaft B"]
[Site "Ditzingen"]
[Date "2013.05.11"]
[Round "6.14"]
[White "Zimmermann, Tobias"]
[Black "Erfle, Christian"]
[Result "1/2-1/2"]
[WhiteElo "1734"]
[BlackElo "1724"]
[PlyCount "46"]
[EventDate "2013.??.??"]
[WhiteTeam "SC Schachmatt Botnang"]
[BlackTeam "SC Tamm 74"]

1. e4 g6 2. d4 Bg7 3. f4 d6 4. Nf3 Bg4 5. c3 Nd7 6. Bc4 Bxf3 7. Qxf3 c6 8. O-O
e6 9. f5 Qe7 10. fxe6 fxe6 11. Be3 Ngf6 12. Nd2 O-O 13. Qh3 d5 14. Bb3 e5 15.
Bg5 exd4 16. cxd4 Qb4 17. Nf3 Nb6 18. Bxf6 Rxf6 19. e5 Rxf3 20. Qe6+ Kh8 21.
Rxf3 Qxd4+ 22. Kh1 Qxe5 23. Qh3 Re8 1/2-1/2